000
00213nam a22000857a 4500
008
170113b xxu||||| |||| 00| 0 eng d
100
_9
2390
_a
Jain.S.K.etal
245
_a
Lab Science-10
260
_a
New Delhi
_b
Srijan
_c
2011
999
_c
5401
_d
5401